000 00319nam a2200157Ia 4500
100 _aBoyd/Donald W
942 _cBK
366 _f25
654 _amodeling
245 _aSystem Analysis and modeling
260 _bAcademic Press
_c2001
082 _a4.21
_bBOY
300 _a365
546 _aENGLISH
999 _c24211
_d24211